Contribuicao à palinológia dos cerrados

Saved in:
Bibliografiske detaljer
Hovedforfatter: Salgado Labouriau, María Léa
Format: Bog
Sprog:portugisisk
Udgivet: Río de Janeiro Academia Brasileira de Ciencias 1971
Fag:
Tags: Tilføj Tag
Ingen Tags, Vær først til at tagge denne postø!

MARC

LEADER 00000nam a2200000 a 4500
001 UCT3773
003 CL-VaPUC
005 20250226123241.0
008 961031e19710000BL |||||||||||||||||por|d
999 |c 253310  |d 253308 
040 |c Pontificia Universidad Católica de Valparaíso 
082 0 4 |a 582.13 SAL 1971  |2 21 
100 0 |a Salgado Labouriau, María Léa  |9 372779 
245 1 0 |a Contribuicao à palinológia dos cerrados 
260 |a Río de Janeiro  |b Academia Brasileira de Ciencias  |c 1971 
300 |a 291 páginas 
583 |a last modification  |c 19961031 00:00:00  |k Rodrigo Vera 
650 7 |a POLEN  |2 CL-VaPUC  |9 372780 
650 0 |a Plantas  |9 264555 
650 0 |a Botánica  |9 264202 
650 0 |a Anatomía vegetal  |9 269541 
650 0 |a Organismos vivos  |9 264556 
650 0 |a Taxonomía de las plantas  |9 360224 
942 |c BK  |2 ddc 
945 |d 19961031 00:00:00  |a cmena